00238nam a2200085Ia 450000500170000000800410001724500670005826000100012599900170013520250523150954.0250523s9999 xx 000 0 und d 0aSuna nın Serçeleri Gökkuş Diz cGülten Dayıoğlu bALTIN c11936d11936